Distribución de planta para los laboratorios y talleres de ingeniería mecánica e industrial del ITESO /

Na minha lista:
Detalhes bibliográficos
Autor principal: Váquez Rodríguez, Sylvia (autor)
Formato: Tese Livro
Idioma:espanhol
Assuntos:
Tags: Adicionar Tag
Sem tags, seja o primeiro a adicionar uma tag!

MARC

LEADER 00000nam^a2200000^a^4500
001 000105750
005 20250521000000.0
009 20260310093512.95
037 |a Acervo ITESO - Biblioteca 
041 |a ESP 
090 |a IIN. 365 
100 |a Váquez Rodríguez, Sylvia  |e (autor) 
245 1 0 |a Distribución de planta para los laboratorios y talleres de ingeniería mecánica e industrial del ITESO /  |c S. Vázquez Rodríguez. 
264 |a Guadalajara, México :  |b edición de autor,  |c 2000 
300 |a 93 p. 
336 |a texto  |b txt  |2 rdacontenido 
337 |a sin mediación  |b n  |2 rdamedio 
338 |a volumen  |b nc  |2 rdasoporte 
502 |a ITESO Tesis de Licenciatura en Ingeniería Industrial 
649 |a XX 
650 |a Laboratorios y Talleres 
650 |a Distribución en Planta (Ingeniería Industrial) 
650 |a Ingeniería Industrial 
910 |a Fondo General 
920 |a Impresos - Tesis del ITESO 
930 |a Colección General 
905 |a 104 
901 |a 0500041921  |b IT2  |c TSS  |u 20250521 
902 |a https://opac.biblio.iteso.mx/vufind/Record/000105750